Statistics for The Most Innovative Countries / States

Click here to take the quiz!

General Stats

  • This quiz has been taken 28 times
  • The average score is 14 of 19

Answer Stats

# of patents Countries / States % Correct
366,000Germany
96%
140,000France
92%
1,069,000Japan
88%
166,000South Korea
88%
140,000United Kingdom
88%
638,000California
85%
222,000New York
85%
194,000Texas
81%
97,000Florida
81%
124,000Canada
77%
124,000Ohio
73%
90,000Washington
73%
163,000Taiwan
69%
142,000Illinois
65%
140,000New Jersey
65%
127,000Massachusetts
58%
124,000Pennsylvania
58%
133,000Michigan
54%
90,000Minnesota
42%

Score Distribution

Percentile by Number Answered

Percent of People with Each Score

Your Score History

You have not taken this quiz